| 000 | 00940nam a2200301 a 4500 | ||
|---|---|---|---|
| 005 | 20191224041549.0 | ||
| 008 | 140224b1997 ck ||||| |||| 00| 0 spa d | ||
| 040 |
_aCO-BoIAVH _cCO-BoIAVH |
||
| 041 | _aspa | ||
| 044 | _ack | ||
| 090 |
_aLB _b00963 |
||
| 110 |
_bFundación Trópico _94885 |
||
| 245 | _aEvaluación parcial del estado y uso de la biodiversidad en el Bajo Calima, Valle del Cauca | ||
| 260 |
_aSantiago de Cali _bProyecto Biopacífico _c1997 |
||
| 300 | _a220 p. | ||
| 650 |
_aUso de biodiversidad _9343 |
||
| 650 |
_aVegetación _944874 |
||
| 650 |
_aEntomología _94483 |
||
| 650 |
_aArtrópodos _92658 |
||
| 650 |
_aEscarabajos coprófagos _94177 |
||
| 650 |
_aHormigas _944877 |
||
| 650 |
_aInsectos acuáticos _910191 |
||
| 650 |
_aAspectos socioculturales _92478 |
||
| 662 |
_aColombia _cBajo Calima _bValle |
||
| 710 |
_a^aProyecto Biopacífico _910192 |
||
| 710 |
_a^aOncaproteca _910193 |
||
| 942 |
_cINFORME _2z |
||
| 999 |
_c975 _d975 |
||